000 00790cam a22002537a 4500
001 34612
005 20230410103850.0
008 800703|2004 nyu 000 0 eng
020 _a014303104x
041 _aeng
050 1 4 _a412 DS 481
_bN396j 2004
082 0 0 _a954.04/2/092
100 1 _aNehru, Jawaharlal,
_d1889-1964.
245 1 0 _aJawaharlal Nehru :
_ban autobiography /
_cJawaharlal Nehru.
260 _aNew York :
_bPenguin Books,
_c2004
300 _axv, 655 p.
600 1 0 _aNehru, Jawaharlal,
_d1889-1964.
650 0 _aPoliticians
_zIndia
_yBiography.
651 0 _aIndia
_xPolitics and government.
651 0 _aIndia
_xPolitics and government
_y1919-1947.
600 1 4 _aNehru, Jawaharlal Pandit, 1889-1964.
651 4 _aIndia
_xPolĂ­tica y gobierno.
942 _2lcc
_cbk
999 _c27360
_d27360